000 00755nam a2200205Ia 4500
005 20250103123326.0
008 008 250103s9999 xx 000 0 hin d
020 _a978-81-7055-638-1
037 _aTB
040 _aCRL
_bhin
_cCRL
041 _ahin
_2hin
084 _aP1520aF P8;Q7
_qCRL
100 _aप्रसाद, विनोद कुमार, ले.
245 0 _aभाषा और प्रौद्योगिकी
_cप्रसाद, विनोद कुमार, ले.
260 _aनई दिल्ली, भारत
_bवाणी प्रकाशन
_c2017
300 _a437पृ0
650 _aभाषा शास्त्र
942 _cTB
_hP1520aF P8;Q7
999 _c1234381
_d1234381